Personajes del LOL que aparecen en Arcane - Estadísticas

Estadísticas generales
  • Esta prueba ha sido intentada 31 veces
  • La puntuación promedio es 9 de 11
Estadísticas de respuestas
Respuesta % Correcto
Jinx
97%
Vi
97%
Jayce
86%
Caitlyn
83%
Viktor
79%
Ekko
76%
Singed
72%
Ambessa
69%
Heimerdinger
69%
Mel
69%
Warwick
69%
No se encontraron pruebas coincidentes
Distribución de puntuación
Porcentaje de gente con cada puntuación
Porcentaje por número respondido
Historial de tus puntuaciones
No has intentado esta prueba.